| 000 | 00527nam a22002057a 4500 | ||
|---|---|---|---|
| 003 | OSt | ||
| 005 | 20160427174345.0 | ||
| 008 | 160427b xxu||||| |||| 00| 0 eng d | ||
| 020 | _a0582243025 | ||
| 040 | _cDDC. | ||
| 082 | _a576.6FAL 1996. | ||
| 100 |
_aFalconer;Mackay; _98383 |
||
| 245 | _aQuantitative Genetics. | ||
| 250 | _a4th ed. | ||
| 260 |
_aEngland. _bPearson Prentice Hall. _c1996. |
||
| 300 |
_axv,464p; _bill; _c25cm. |
||
| 504 | _aincludes references index. | ||
| 650 |
_aBiology. _95602 |
||
| 942 |
_2ddc _cSLOAN |
||
| 999 |
_c3816 _d3816 |
||